| 000 | 00953nam a2200265 i 4500 | ||
|---|---|---|---|
| 003 | DO-SdBNP | ||
| 005 | 20250708104717.0 | ||
| 007 | ta | ||
| 008 | 250708s1997 dr a 000 0 spa d | ||
| 040 |
_aDO-SdBNP _bspa _cBNPHU _erda |
||
| 082 | 4 |
_axxx _bM433 _222 |
|
| 100 | 1 |
_aMatos, Gilda _eautora _967048 _4aut. |
|
| 245 | 1 | 0 |
_aCuadernos de arte no. 3 : _bartes escénicas / _cMatos, Gilda ; ilustraciones, René Montilla |
| 250 | _aPrimera edición | ||
| 264 |
_aSanto Domingo : _bSecretaria de Estado de Educación y Cultura _bEditora Taller, _c1997. |
||
| 300 |
_a39 páginas : _bilustraciones ; _c28 cm. |
||
| 336 |
_atexto _btxt _2rdacontent |
||
| 337 |
_asin mediación _bn _2rdamedia |
||
| 338 |
_avolumen _bnc _2rdacarrier |
||
| 500 | _aSugerencias para el desarrollo de la educación artística en el aula. | ||
| 590 | _aInventariado, 2025/ YL | ||
| 700 | 1 |
_aMontilla, René _eilustrador _4il. _930522 |
|
| 910 | _aYLockward | ||
| 942 |
_2ddc _cLF2 |
||
| 999 |
_c59454 _d59454 |
||